00352nam a2200121Ia 4500008004100000082001700041100001300058245003900071260003600110365000600146630003900152730003900191100415s9999 xx 000 0 und d b7652a598.25 aYapp WB aThe Life and Organisation of Birds aLONDONc1970bEDWARD ARNOLD LTD b0 aThe Life and Organisation of Birds aThe Life and Organisation of Birds